000 00480nam a2200181Ia 4500
005 20250508160826.0
008 008 250505s9999 xx 000 0 hin d
037 _aTextual
040 _aFEDL
_beng
_cFEDL
041 _ahin
_2hin
084 _a891.43, VAR
_qFEDL
100 _aVarma Mahadevi
245 0 _aMera pariwar
260 _aAllahabad, India
_bLokbharti Prakashan
_c1972
300 _a79p.
942 _cTEXL
_h891.43, VAR
999 _c1366824
_d1366824